1431 1723 1970 1073 1225 1478 1001 1435 1439 1010 1999 1356 1672 1684 1781 1252 1532 1557 1199 1251 1522 1365 1193 1503 1691 1915 1839 1952 1683 1219 1616 1675 1447 1649 1863 1070 1629 1909 1236 1454 1925 1616 1639 1274 1203 1785 1966 1968 1692 1058 1516 1940 1564 1967 1260 1727 1790 1949 1910 1751 1716 1933 1995 1093 1516 1240 1280 1177 1028 1644 1565 1473 1712 1783 1644 1734 1068 1041 1567 1749 1287 1115 1169 1411 1437 1485 1424 1356 1379 1757 1673 1382 1158 1805 1558 1808 1543 1412 1215 BCNSPRNW ULIB Ver.6.0+V

เปลี่ยนเป็นภาษาไทย

Change to English
 แสดงรายละเอียดบรรณานุกรม
  กลับหน้าหลัก

Brief Record : Get Marc (ISO 2709) : E-mail record : QR code < ปิดหน้าต่าง
LEADER : 00000nam 2200000uu 4500
001    13399126148
003     ULIB
008    180612s1996||||th 000 0 tha d
020    ^a9780875846514
050    ^aHD30.28^bK17T
100    ^aKaplan, Robert S.
245    ^aThe balanced scorecard : translating strategy into action/^bRobert S.Kaplan and David P. Norton
260    ^aUnited States :^bHarvard School Publishing Corporation,^c1996
300    ^a322 pages;^b25 cm
650    ^aIndustrial productivity-Measurement
650  0 ^aStrategic planning
945    ^p1164^l0^i004242
999    ^aวรรณษา ชูชัยมงคล
รายการนี้ยังไม่มีแท็ก
คุณยังไม่ได้ล็อกอิน คุณสามารถมีกิจกรรมร่วมกับเว็บไซต์ได้ แต่ต้องล็อกอินก่อน ::
  ล็อกอิน

รายการสื่อสารสนเทศ

ลำดับที่ ประเภท เลขเรียก/บาร์โค้ด สถานที่ สถานะ
1. วิทยาศาสตร์การแพทย์ และสุขภาพ
หนังสือสำรอง
สถานะ=หนังสือสำรอง
HD30.28 K17T ฉ.1 
  Barcode: 004242
ห้องสมุดวิทยาเขตสวรรค์ประชารักษ์
►หนังสือทั่วไป
บนชั้น

รายการใกล้เคียง
    ผู้แต่ง [Kaplan, Robert S.]

    หัวเรื่อง [Strategic planning]

BibComment


ยังไม่เคยถูกคอมเมนท์

คอมเมนท์ทรัพยากรรายการนี้
  คอมเมนท์: The balanced sco..


 Copyright 2026. Bcnsprnw @Library